| 000 | 00467nam a22001577a 4500 | ||
|---|---|---|---|
| 999 |
_c9337 _d9337 |
||
| 008 | 210405b ||||| |||| 00| 0 eng d | ||
| 040 | _aBMS College of Architecture | ||
| 100 | _aPaul, John, Subash | ||
| 245 | _aDe- Addiction centre | ||
| 300 | _a37p. | ||
| 500 | _a96GBEA1036 | ||
| 502 |
_8B.Arch _NBMS College of Architecture, Visvesvaraya Technological University _aProject report _d2003 |
||
| 650 | _aNA | ||
| 700 |
_aK R Madhu Chand _eGuide |
||
| 942 |
_2ddc _cTHE |
||